[Event "Open Praha 2018 - A"]
[Site "?"]
[Date "2018.01.13"]
[Round "3"]
[White "Pacher, Milan"]
[Black "Hrdina, Robin"]
[Result "1-0"]
[BlackElo "2156"]
[WhiteElo "2444"]
[LiveChessVersion "1.4.8"]

1. e4 {[%clk 1:30:56]} c5 {[%clk 1:30:06]} 2. Nf3 {[%clk 1:31:22]} e6
{[%clk 1:30:33]} 3. d4 {[%clk 1:31:47]} cxd4 {[%clk 1:30:58]} 4. Nxd4
{[%clk 1:32:15]} a6 {[%clk 1:31:23]} 5. c4 {[%clk 1:32:35]} Nf6 {[%clk 1:31:39]}
6. Nc3 {[%clk 1:33:04]} Qc7 {[%clk 1:31:46]} 7. Bd3 {[%clk 1:29:20]} Nc6
{[%clk 1:31:53]} 8. Nxc6 {[%clk 1:29:20]} dxc6 {[%clk 1:31:53]} 9. O-O e5 10. h3
{[%clk 1:27:59]} Be6 {[%clk 1:30:31]} 11. Be3 {[%clk 1:27:36]} Be7
{[%clk 1:29:39]} 12. Rc1 {[%clk 1:27:43]} Rd8 {[%clk 1:21:15]} 13. Qe2
{[%clk 1:19:31]} O-O {[%clk 1:20:12]} 14. Rfd1 {[%clk 1:19:31]} Qb8
{[%clk 1:20:12]} 15. Bb6 {[%clk 1:19:16]} Rde8 {[%clk 1:20:28]} 16. Qe3
{[%clk 1:18:32]} Nd7 {[%clk 1:18:35]} 17. Na4 {[%clk 1:09:47]} Nxb6
{[%clk 1:18:35]} 18. Qxb6 {[%clk 1:07:54]} Rd8 {[%clk 1:14:24]} 19. Be2
{[%clk 1:08:23]} Rxd1+ {[%clk 1:08:47]} 20. Rxd1 {[%clk 1:08:23]} Rd8
{[%clk 1:08:22]} 21. Rxd8+ {[%clk 1:09:12]} Bxd8 {[%clk 1:07:48]} 22. Qb4
{[%clk 1:02:00]} a5 {[%clk 0:57:57]} 23. Qd2 {[%clk 1:00:08]} b6 24. b3
{[%clk 1:00:01]} Be7 {[%clk 0:55:14]} 25. Bg4 {[%clk 0:56:02]} b5 26. Nb2
{[%clk 0:55:16]} Bb4 {[%clk 0:52:30]} 27. Qe2 {[%clk 0:55:39]} Bxg4
{[%clk 0:51:03]} 28. Qxg4 {[%clk 0:54:33]} Bc3 29. Nd3 bxc4 {[%clk 0:50:23]} 30.
bxc4 {[%clk 0:54:55]} Bd4 {[%clk 0:44:02]} 31. Qd7 {[%clk 0:54:30]} Qb1+
{[%clk 0:43:14]} 32. Kh2 {[%clk 0:54:57]} g6 {[%clk 0:41:49]} 33. Qe8+
{[%clk 0:54:21]} Kg7 {[%clk 0:41:56]} 34. Nxe5 {[%clk 0:54:32]} Bxe5+
{[%clk 0:40:09]} 35. Qxe5+ {[%clk 0:55:00]} Kg8 {[%clk 0:40:07]} 36. a4
{[%clk 0:53:46]} Qb6 {[%clk 0:37:11]} 37. c5 {[%clk 0:53:35]} Qb7
{[%clk 0:35:17]} 38. f4 {[%clk 0:53:33]} 1-0

[Event "Open Praha 2018 - A"]
[Site "?"]
[Date "2018.01.13"]
[Round "3"]
[White "Ludvik, Tomas"]
[Black "Kalegin, Evgenij"]
[Result "0-1"]
[BlackElo "2426"]
[WhiteElo "2165"]
[LiveChessVersion "1.4.8"]

1. d4 {[%clk 1:30:57]} Nf6 {[%clk 1:30:48]} 2. Nf3 {[%clk 1:31:19]} g6
{[%clk 1:30:59]} 3. Bf4 {[%clk 1:31:40]} Bg7 {[%clk 1:31:08]} 4. e3
{[%clk 1:32:04]} c5 {[%clk 1:28:31]} 5. c3 {[%clk 1:32:13]} b6 {[%clk 1:27:58]}
6. h3 {[%clk 1:31:40]} O-O {[%clk 1:28:10]} 7. Nbd2 {[%clk 1:31:46]} Bb7
{[%clk 1:28:11]} 8. Bd3 {[%clk 1:30:30]} d6 {[%clk 1:26:17]} 9. O-O
{[%clk 1:30:06]} Nc6 {[%clk 1:16:10]} 10. Bh2 {[%clk 1:28:17]} e5
{[%clk 1:00:55]} 11. dxe5 {[%clk 1:25:15]} dxe5 {[%clk 1:00:10]} 12. Qe2
{[%clk 1:23:31]} Qe7 {[%clk 0:57:33]} 13. e4 {[%clk 1:22:46]} Nh5
{[%clk 0:57:21]} 14. Nc4 {[%clk 1:19:32]} Nf4 {[%clk 0:53:07]} 15. Bxf4
{[%clk 1:15:50]} exf4 {[%clk 0:53:29]} 16. e5 {[%clk 1:12:44]} Rad8
{[%clk 0:51:39]} 17. Rfe1 {[%clk 1:10:07]} Ba8 {[%clk 0:46:57]} 18. a4
{[%clk 1:06:28]} Rd7 {[%clk 0:38:25]} 19. Rad1 {[%clk 0:57:20]} Rfd8
{[%clk 0:37:48]} 20. Bc2 {[%clk 0:54:06]} Rxd1 {[%clk 0:36:52]} 21. Bxd1
{[%clk 0:54:08]} Rf8 {[%clk 0:25:05]} 22. Bb3 {[%clk 0:50:30]} Nd8
{[%clk 0:24:34]} 23. Ncd2 {[%clk 0:45:19]} Ne6 {[%clk 0:23:23]} 24. Ne4
{[%clk 0:44:26]} Bc6 {[%clk 0:06:36]} 25. Rd1 {[%clk 0:32:45]} Nd8
{[%clk 0:05:26]} 26. Neg5 {[%clk 0:28:25]} h6 {[%clk 0:04:39]} 27. e6
{[%clk 0:25:21]} Nxe6 {[%clk 0:03:30]} 28. Nxf7 {[%clk 0:24:36]} Kxf7
{[%clk 0:03:09]} 29. Re1 {[%clk 0:23:42]} Re8 {[%clk 0:02:25]} 30. Ne5+
{[%clk 0:22:02]} Bxe5 {[%clk 0:02:51]} 31. Qxe5 {[%clk 0:22:28]} Bd7
{[%clk 0:02:17]} 32. Qxf4+ {[%clk 0:22:14]} Kg7 {[%clk 0:02:29]} 33. Qe5+
{[%clk 0:21:42]} Qf6 {[%clk 0:02:17]} 34. Qd6 {[%clk 0:21:47]} Nf8
{[%clk 0:01:49]} 35. Qd2 {[%clk 0:19:38]} Rxe1+ {[%clk 0:02:13]} 36. Qxe1
{[%clk 0:19:59]} Be6 {[%clk 0:02:37]} 37. Bc2 {[%clk 0:19:58]} Bf7
{[%clk 0:02:53]} 38. Qe3 {[%clk 0:18:59]} Qe6 {[%clk 0:02:24]} 39. Qf4
{[%clk 0:18:19]} Nd7 {[%clk 0:02:41]} 40. Qc7 {[%clk 0:17:22]} Qe1+
{[%clk 0:02:53]} 0-1

[Event "Open Praha 2018 - A"]
[Site "Praha (CZE)"]
[Date "2018.01.13"]
[Round "2"]
[White "Schippers, Maurice"]
[Black "Kochukova, Anna"]
[Result "1-0"]
[WhiteElo "2309"]
[BlackElo "2110"]
[PlyCount "81"]
[EventDate "2018.01.12"]

1. e4 c5 2. c3 e6 3. d4 d5 4. exd5 exd5 5. Nf3 c4 6. b3 cxb3 7. axb3 Bd6 8. Bd3
Nc6 9. O-O Nge7 10. Re1 O-O 11. Qc2 h6 12. Na3 Bg4 13. Ne5 Bxe5 14. dxe5 d4 15.
Be4 dxc3 16. Qxc3 Qd4 17. Bb2 Qxc3 18. Bxc3 Rfd8 19. Nb5 Rd7 20. Nd6 Rad8 21.
b4 a6 22. Rab1 Nc8 23. Nxb7 Rxb7 24. Bxc6 Re7 25. h3 Rd3 26. hxg4 Rxc3 27. Bf3
Na7 28. Be2 Nb5 29. f4 g5 30. Rbc1 Rb3 31. Rc8+ Kg7 32. Bc4 Rc3 33. f5 Rc7 34.
f6+ Kg6 35. Rg8+ Kh7 36. Rg7+ Kh8 37. Bxf7 Rg3 38. Rd1 Rc8 39. Bg6 Rgc3 40. e6
R3c6 41. Rdd7 1-0

[Event "Open Praha 2018 - A"]
[Site "Praha (CZE)"]
[Date "2018.01.13"]
[Round "2"]
[White "Riha, Vojtech"]
[Black "Kulkarni, Bhakti"]
[Result "0-1"]
[WhiteElo "2110"]
[BlackElo "2306"]
[PlyCount "74"]
[EventDate "2018.01.12"]

1. e4 d5 2. exd5 Qxd5 3. Nc3 Qd6 4. d4 Nf6 5. Nf3 a6 6. Be2 Bg4 7. O-O e6 8. a4
Nc6 9. Be3 O-O-O 10. Nb5 axb5 11. axb5 Nb8 12. c4 h5 13. c5 Qd5 14. Ra8 Ne4 15.
Qa4 Nxc5 16. dxc5 Bxc5 17. Rc1 Bd6 18. Ba7 Kd7 19. Rd1 Qf5 20. Bxb8 Rxb8 21.
b6+ Ke7 22. Rxb8 Rxb8 23. Qa7 Rd8 24. Qxb7 Rd7 25. Nd4 Qc5 26. Bxg4 hxg4 27.
Qc8 Bxh2+ 28. Kxh2 g3+ 29. Kxg3 Qg5+ 30. Kh3 Qh5+ 31. Kg3 Qxd1 32. Nc6+ Kf6 33.
b7 Rd3+ 34. f3 Qe1+ 35. Kh3 Kg5 36. Qh8 Qh1+ 37. Kg3 Qxh8 0-1

[Event "Open Praha 2018 - A"]
[Site "Praha (CZE)"]
[Date "2018.01.13"]
[Round "2"]
[White "Chkhaidze, Nikoloz"]
[Black "Nimmy, A.G."]
[Result "1/2-1/2"]
[WhiteElo "2306"]
[BlackElo "2109"]
[PlyCount "146"]
[EventDate "2018.01.12"]

1. d4 d5 2. c4 c6 3. Nf3 Nf6 4. Nc3 dxc4 5. a4 Bf5 6. Ne5 Nbd7 7. Nxc4 Qc7 8.
g3 e5 9. dxe5 Nxe5 10. Bf4 Rd8 11. Qc1 Bd6 12. Nxd6+ Qxd6 13. Bg2 O-O 14. O-O
a5 15. Qe3 Nfd7 16. Rfd1 Qe6 17. Rd4 Nc4 18. Qxe6 Bxe6 19. b3 Ncb6 20. b4 Nc4
21. bxa5 Ra8 22. Rb1 Nxa5 23. Rdb4 Rfc8 24. Ne4 c5 25. Rb5 Nc4 26. Nc3 Na3 27.
Bxb7 Nxb1 28. Rxb1 Re8 29. Bxa8 Rxa8 30. e4 f6 31. Rb5 Ra6 32. Be3 Nb6 33. a5
Nc4 34. Bxc5 Rxa5 35. Rxa5 Nxa5 36. f4 Kf7 37. Kf2 h5 38. Ke3 Nc6 39. Nb5 g6
40. Nd6+ Kg7 41. Bd4 Bd7 42. e5 fxe5 43. fxe5 Be6 44. Ne4 Kh6 45. h4 Bd5 46.
Ng5 Nd8 47. Ne4 Ne6 48. Nf6 Bc6 49. Kd3 Kg7 50. Be3 Kf7 51. Kc4 Ke7 52. Bg5 Kf7
53. Kb4 Bf3 54. Be3 Bc6 55. Ka5 Bf3 56. Kb6 Bg2 57. Bc5 Bf3 58. Bd6 Bg2 59. Ka7
Nd4 60. Nh7 Ne6 61. Kb8 Bf1 62. Nf6 Bb5 63. Nd5 Ba6 64. Nb4 Bb5 65. Kc8 Ke8 66.
Bb8 Bd7+ 67. Kb7 Ba4 68. Kb6 Kd7 69. Nd5 Bb3 70. Nf6+ Ke7 71. Bd6+ Kf7 72. Bb4
Nd4 73. Ne4 Ke6 1/2-1/2

[Event "Open Praha 2018 - A"]
[Site "Praha (CZE)"]
[Date "2018.01.13"]
[Round "2"]
[White "Narendran, Gouthaman"]
[Black "Lee, Jun Hyeok"]
[Result "0-1"]
[WhiteElo "2106"]
[BlackElo "2305"]
[PlyCount "59"]
[EventDate "2018.01.12"]

1. e4 c5 2. Nf3 g6 3. d4 cxd4 4. Nxd4 Bg7 5. c4 Nc6 6. Be3 Nf6 7. Nc3 Ng4 8.
Qxg4 Nxd4 9. Qd1 e5 10. Bxd4 exd4 11. Nb5 O-O 12. Bd3 d6 13. O-O a6 14. Na3 Bd7
15. Nc2 Qb6 16. b3 Rfe8 17. Kh1 Bc6 18. f3 Qc5 19. Rb1 a5 20. Be2 f5 21. exf5
Qxf5 22. Qd3 Rxe2 23. Qxe2 d3 24. Qd2 dxc2 25. Rbc1 Be5 26. f4 Rf8 27. Qxc2 Be4
28. Qd1 Qh3 29. Qe2 Rxf4 30. Rf3 0-1

[Event "Open Praha 2018 - A"]
[Site "Praha (CZE)"]
[Date "2018.01.13"]
[Round "2"]
[White "Claridge-Hansen, William"]
[Black "Yapar, Nedim"]
[Result "1/2-1/2"]
[WhiteElo "2304"]
[BlackElo "2102"]
[PlyCount "78"]
[EventDate "2018.01.12"]

1. c4 e6 2. g3 Nf6 3. Bg2 d5 4. Nf3 dxc4 5. Qa4+ Bd7 6. Qxc4 c5 7. Ne5 Qc8 8.
d3 Nc6 9. Nxd7 Qxd7 10. O-O Be7 11. Nc3 O-O 12. a4 Rac8 13. Rd1 Rfd8 14. Bg5
Na5 15. Qb5 b6 16. Ne4 Nd5 17. Qxd7 Rxd7 18. Bxe7 Nxe7 19. Nd2 Nd5 20. Nc4 Nb3
21. Ra3 Nd4 22. e3 Nc6 23. Kf1 Rdd8 24. Ke2 g6 25. Rb3 Rb8 26. h4 Kg7 27. g4 h6
28. Kf3 f6 29. Kg3 e5 30. Be4 Nde7 31. f4 exf4+ 32. Kxf4 Nd5+ 33. Kf3 Ndb4 34.
Kf2 Ne5 35. Nxe5 fxe5 36. d4 exd4 37. exd4 a5 38. Ke3 Rd6 39. Rd2 Rbd8 1/2-1/2

[Event "Open Praha 2018 - A"]
[Site "Praha (CZE)"]
[Date "2018.01.13"]
[Round "2"]
[White "Kristiansen, Willy"]
[Black "Mishuchkov, Nikolai"]
[Result "1/2-1/2"]
[WhiteElo "2092"]
[BlackElo "2303"]
[PlyCount "29"]
[EventDate "2018.01.12"]

1. d4 Nf6 2. c4 e6 3. g3 d5 4. Nf3 dxc4 5. Bg2 Bd7 6. Ne5 Bc6 7. Nxc6 Nxc6 8.
e3 Qd7 9. O-O Rd8 10. Qe2 e5 11. Qxc4 exd4 12. exd4 Be7 13. Bxc6 Qxc6 14. Qxc6+
bxc6 15. Be3 1/2-1/2

[Event "Open Praha 2018 - A"]
[Site "Praha (CZE)"]
[Date "2018.01.13"]
[Round "2"]
[White "Tarun, V Kanth"]
[Black "Hainke, Guntram"]
[Result "1-0"]
[WhiteElo "2077"]
[BlackElo "2283"]
[PlyCount "61"]
[EventDate "2018.01.12"]

1. d4 Nf6 2. c4 e6 3. Nc3 Bb4 4. f3 Nc6 5. e4 d5 6. cxd5 exd5 7. e5 Ng8 8. Be3
Nge7 9. Bd3 Bf5 10. Nge2 Qd7 11. O-O O-O 12. Ng3 Bxc3 13. bxc3 Bxd3 14. Qxd3
Na5 15. Rae1 Nc4 16. Bg5 c5 17. f4 cxd4 18. cxd4 Nc6 19. Nh5 Qg4 20. Nxg7 Nb4
21. Qb1 Nd2 22. Qxb4 Nxf1 23. Rxf1 Kxg7 24. Bf6+ Kh6 25. Rf3 Rg8 26. Rh3+ Qxh3
27. Bg5+ Kh5 28. gxh3 h6 29. Qb1 Rg7 30. Qd1+ Kg6 31. Bf6 1-0

[Event "Open Praha 2018 - A"]
[Site "Praha (CZE)"]
[Date "2018.01.13"]
[Round "2"]
[White "Krivanek, Vladimir"]
[Black "Lee, Qing Aun"]
[Result "0-1"]
[WhiteElo "2076"]
[BlackElo "2277"]
[PlyCount "98"]
[EventDate "2018.01.12"]

1. e3 c5 2. Nf3 Nf6 3. c4 Nc6 4. Nc3 e6 5. d4 cxd4 6. exd4 d5 7. Be2 Be7 8. O-O
O-O 9. Re1 dxc4 10. Bxc4 a6 11. a4 Nb4 12. Ne5 b6 13. Re3 Bb7 14. Rg3 g6 15.
Bh6 Re8 16. Qe2 Nbd5 17. Re1 Bf8 18. Bg5 Bg7 19. Qf3 Qc7 20. Nxd5 Nxd5 21. Rc1
Rac8 22. Bf1 Bxe5 23. Rxc7 Bxc7 24. Rh3 f5 25. Qb3 Bd6 26. Bd2 Rc7 27. Qd1 Nf6
28. Rc3 Rec8 29. Qb3 Bd5 30. Qxb6 Ne4 31. Rxc7 Bxc7 32. Qxa6 Ra8 33. Qd3 Rxa4
34. Be1 Ra1 35. Qe2 Bb6 36. Bc3 Nd6 37. Qe5 Bc7 38. b3 Rb1 39. Be1 Rxb3 40. f3
Rb1 41. h4 Nb5 42. Qe3 Nxd4 43. Bc3 Bc4 44. g3 Nxf3+ 45. Kg2 Bd5 46. Qc5 Ng5+
47. Kg1 Nh3+ 48. Kh2 Rxf1 49. Qxc7 Rh1# 0-1

[Event "Open Praha 2018 - A"]
[Site "Praha (CZE)"]
[Date "2018.01.13"]
[Round "2"]
[White "Patil, Mitali Madhukar"]
[Black "Nitish, Belurkar"]
[Result "1/2-1/2"]
[WhiteElo "2048"]
[BlackElo "2270"]
[PlyCount "73"]
[EventDate "2018.01.12"]

1. d4 d5 2. Nf3 Nf6 3. e3 e6 4. Bd3 c5 5. b3 Nc6 6. Bb2 Bd6 7. O-O O-O 8. Nbd2
Nb4 9. Be2 Qc7 10. a3 Nc6 11. Bd3 e5 12. dxe5 Nxe5 13. Nxe5 Bxe5 14. Bxe5 Qxe5
15. c4 Rd8 16. Nf3 Qe7 17. cxd5 Rxd5 18. Qc2 Bg4 19. e4 Rh5 20. Qe2 Re8 21.
Rad1 g6 22. Rfe1 Re5 23. h3 Bxf3 24. Qxf3 Nxe4 25. Rxe4 Rxe4 26. Bxe4 Qxe4 27.
Qxe4 Rxe4 28. Rd7 Re1+ 29. Kh2 Ra1 30. a4 b6 31. Rxa7 Rb1 32. Rb7 Rxb3 33. a5
Rb2 34. f3 b5 35. a6 Kg7 36. a7 Ra2 37. Rxb5 1/2-1/2

[Event "Open Praha 2018 - A"]
[Site "Praha (CZE)"]
[Date "2018.01.13"]
[Round "2"]
[White "Zwahr, Paul"]
[Black "Huse, Sigurd Kjelsbol"]
[Result "1-0"]
[WhiteElo "2269"]
[BlackElo "2086"]
[PlyCount "49"]
[EventDate "2018.01.12"]

1. c4 e5 2. g3 Bc5 3. Nc3 a6 4. Bg2 Nc6 5. e3 d6 6. Nge2 Nge7 7. O-O O-O 8. b3
Bg4 9. h3 Bh5 10. g4 Bg6 11. d4 Ba7 12. dxe5 dxe5 13. Ba3 Re8 14. Ne4 Qc8 15.
N2g3 Kh8 16. h4 f5 17. h5 Bf7 18. gxf5 Nxf5 19. Ng5 Nh6 20. Qf3 Bg8 21. Bh3 Qd8
22. N3e4 b5 23. Rad1 Qb8 24. Rd7 b4 25. Rxg7 1-0

[Event "Open Praha 2018 - A"]
[Site "Praha (CZE)"]
[Date "2018.01.13"]
[Round "3"]
[White "Akshat, Khamparia"]
[Black "Nie, Xin"]
[Result "1-0"]
[WhiteElo "2381"]
[BlackElo "2154"]
[PlyCount "71"]
[EventDate "2018.01.12"]

1. d4 Nf6 2. c4 e6 3. Nc3 d5 4. cxd5 exd5 5. Bg5 c6 6. e3 Nbd7 7. Bd3 Be7 8.
Qc2 h6 9. Bf4 g5 10. Bg3 Nh5 11. Nge2 Nxg3 12. Nxg3 Nb6 13. O-O Qd6 14. Rad1 h5
15. e4 h4 16. e5 Qh6 17. Nf5 Bxf5 18. Bxf5 O-O 19. Ne2 Kh8 20. b3 Rg8 21. h3
Rad8 22. Bg4 Rg7 23. Kh1 Nd7 24. f4 gxf4 25. Rxf4 Bg5 26. Rf5 Kg8 27. Rdf1 Qg6
28. Nf4 Bxf4 29. R1xf4 Rf8 30. Qf2 Rh7 31. e6 Nb6 32. Kh2 Rg7 33. Qxh4 Qxe6 34.
Rh5 f5 35. Rh8+ Kf7 36. Rxf5+ 1-0

[Event "Open Praha 2018 - A"]
[Site "Praha (CZE)"]
[Date "2018.01.13"]
[Round "3"]
[White "Szpar, Milosz"]
[Black "Lindbol, Aleksander"]
[Result "1/2-1/2"]
[WhiteElo "2367"]
[BlackElo "2146"]
[PlyCount "64"]
[EventDate "2018.01.12"]

1. e4 c6 2. d4 d5 3. e5 Bf5 4. Nf3 e6 5. Be2 Nd7 6. O-O h6 7. b3 Ne7 8. c4 Bh7
9. Nc3 Nf5 10. g4 Nh4 11. Nxh4 Qxh4 12. Bf4 Bb4 13. Qc1 O-O 14. a3 Bxc3 15.
Qxc3 Qe7 16. Bg3 c5 17. cxd5 exd5 18. Rac1 Rac8 19. Rfd1 Be4 20. f3 Bg6 21.
dxc5 Rxc5 22. Qb4 a5 23. Qxb7 Rxc1 24. Rxc1 Qxa3 25. Rd1 Qb2 26. Bb5 Nc5 27.
Qxd5 Qxb3 28. Bc4 Qc2 29. Rd2 Qc1+ 30. Rd1 Qc2 31. Rd2 Qc1+ 32. Rd1 Qc2 1/2-1/2

[Event "Open Praha 2018 - A"]
[Site "Praha (CZE)"]
[Date "2018.01.13"]
[Round "3"]
[White "Melamed, Tatiana"]
[Black "Sosovicka, Jakub"]
[Result "1-0"]
[WhiteElo "2347"]
[BlackElo "2111"]
[PlyCount "83"]
[EventDate "2018.01.12"]

1. e4 c5 2. Nf3 d6 3. Bb5+ Bd7 4. Bxd7+ Qxd7 5. c4 g6 6. O-O Bg7 7. d4 cxd4 8.
Nxd4 Nc6 9. Be3 Nf6 10. f3 O-O 11. Nc3 Rfd8 12. Qd2 e6 13. Rad1 d5 14. cxd5
exd5 15. Nxc6 bxc6 16. e5 Ne8 17. Bg5 f6 18. Bh4 Rdb8 19. exf6 Nxf6 20. Na4 Rb5
21. Bf2 Rab8 22. b3 Re8 23. Nc5 Qd6 24. Rc1 Nh5 25. Rfe1 Rxe1+ 26. Qxe1 Be5 27.
g3 Rb8 28. f4 Bh8 29. Qe6+ Qxe6 30. Nxe6 Re8 31. Rxc6 Ng7 32. Nd4 Nf5 33. Nxf5
gxf5 34. Bxa7 Ra8 35. Bc5 Bc3 36. a3 Kf7 37. Rd6 d4 38. Kf1 Bb2 39. a4 Rb8 40.
b4 Bc3 41. a5 Bxb4 42. Rb6 1-0

[Event "Open Praha 2018 - A"]
[Site "Praha (CZE)"]
[Date "2018.01.13"]
[Round "3"]
[White "Levitskiy, Andrey"]
[Black "Chkhaidze, Nikoloz"]
[Result "1/2-1/2"]
[WhiteElo "2155"]
[BlackElo "2306"]
[PlyCount "101"]
[EventDate "2018.01.12"]

1. e4 e5 2. Nf3 Nc6 3. Bc4 Bc5 4. c3 Nf6 5. d4 exd4 6. e5 d5 7. Bb5 Ne4 8. cxd4
Bb6 9. Nc3 O-O 10. Be3 Bg4 11. h3 Bh5 12. Qc2 Bg6 13. Qb3 Ne7 14. O-O c6 15.
Bd3 Nxc3 16. Qxc3 Bxd3 17. Qxd3 Qd7 18. b4 Qf5 19. Qb3 f6 20. b5 fxe5 21. Nxe5
Bc7 22. bxc6 bxc6 23. Qb7 Bxe5 24. dxe5 Rfe8 25. Bc5 Ng6 26. Qxc6 Nf4 27. Be3
Rac8 28. Qb5 Rxe5 29. Bxf4 Qxf4 30. Rae1 Rf8 31. Rxe5 Qxe5 32. Rd1 Rd8 33. Qa5
Rd7 34. Qc5 Qd6 35. Qd4 h6 36. g3 Qa3 37. Qe5 Qf3 38. Qe8+ Kh7 39. Qxd7 Qxd1+
40. Kg2 Qd4 41. Qf5+ Kg8 42. Qe6+ Kf8 43. g4 Qc5 44. Qf5+ Ke7 45. Qe5+ Kf7 46.
Qf5+ Kg8 47. Qe6+ Kh8 48. h4 d4 49. Qe8+ Kh7 50. Qe4+ Kg8 51. Qe8+ 1/2-1/2

[Event "Open Praha 2018 - A"]
[Site "Praha (CZE)"]
[Date "2018.01.13"]
[Round "3"]
[White "Nimmy, A.G."]
[Black "Claridge-Hansen, William"]
[Result "1-0"]
[WhiteElo "2109"]
[BlackElo "2304"]
[PlyCount "117"]
[EventDate "2018.01.12"]

1. e4 c5 2. Nf3 e6 3. d4 cxd4 4. Nxd4 Nf6 5. Nc3 Nc6 6. a3 d6 7. Be3 Be7 8. Be2
O-O 9. O-O e5 10. Nb3 Be6 11. f4 exf4 12. Bxf4 d5 13. exd5 Nxd5 14. Nxd5 Bxd5
15. Kh1 Bf6 16. Nc5 Nd4 17. Bd3 Re8 18. c3 Bxg2+ 19. Kxg2 Qd5+ 20. Rf3 Qxc5 21.
cxd4 Qxd4 22. Rb1 Rad8 23. Qc2 g5 24. Bxh7+ Kg7 25. Bg3 Qd5 26. Bf5 Re3 27.
Rbf1 Rde8 28. R1f2 Bd4 29. Bg4 Re1 30. Qf5 Qxf5 31. Rxf5 Bxf2 32. Bxf2 R1e4 33.
Bf3 Rc4 34. Bd5 Rf4 35. Rxf4 gxf4 36. Bxb7 Kg6 37. b3 Re5 38. Kf3 Ra5 39. a4
Rh5 40. h4 a5 41. Kxf4 Rf5+ 42. Kg3 Re5 43. Bc6 Re6 44. Bd5 Re8 45. h5+ Kg7 46.
Bb6 f6 47. Kf4 Re5 48. Bf3 Kf7 49. Bd4 Re7 50. Bc3 Ra7 51. Kf5 Ra6 52. h6 Kg8
53. Bxf6 Kh7 54. Bg5 Rb6 55. Be4 Ra6 56. Ke5+ Kg8 57. Bf6 Rxf6 58. Kxf6 Kh8 59.
Ke5 1-0

[Event "Open Praha 2018 - A"]
[Site "Praha (CZE)"]
[Date "2018.01.13"]
[Round "3"]
[White "Kristiansen, Willy"]
[Black "Tuma, Jiri"]
[Result "0-1"]
[WhiteElo "2092"]
[BlackElo "2272"]
[PlyCount "44"]
[EventDate "2018.01.12"]

1. d4 Nf6 2. c4 g6 3. g3 Bg7 4. Bg2 O-O 5. Nc3 d6 6. Nf3 c6 7. O-O Qa5 8. e4
Nbd7 9. h3 e5 10. Be3 Re8 11. a3 exd4 12. Nxd4 Ne5 13. b4 Qa6 14. b5 Qa5 15.
Qb3 Nfd7 16. f4 Nc5 17. Qc2 Nxc4 18. Bf2 Ne6 19. e5 Nxd4 20. Bxd4 Bf5 21. Qc1
dxe5 22. fxe5 Nxe5 0-1

[Event "Open Praha 2018 - A"]
[Site "Praha (CZE)"]
[Date "2018.01.13"]
[Round "3"]
[White "Nitish, Belurkar"]
[Black "Darnell, Anton"]
[Result "1-0"]
[WhiteElo "2270"]
[BlackElo "2087"]
[PlyCount "73"]
[EventDate "2018.01.12"]

1. d4 d5 2. Nf3 Nf6 3. e3 Bf5 4. c4 c6 5. cxd5 cxd5 6. Nc3 a6 7. Qb3 Ra7 8. Be2
h6 9. O-O e6 10. Bd2 Nc6 11. Rfc1 Bd6 12. Na4 Ne4 13. Nc5 Bxc5 14. dxc5 O-O 15.
Be1 Qe7 16. Nd4 Bg6 17. f3 Nxc5 18. Nxc6 bxc6 19. Qa3 Nd3 20. Qxe7 Rxe7 21.
Bxd3 Bxd3 22. Bb4 Rb7 23. Bxf8 Kxf8 24. Rc3 Bg6 25. b3 a5 26. Rxc6 a4 27. bxa4
Ra7 28. Kf2 Rxa4 29. Ke2 Ra3 30. Kd2 Rd3+ 31. Kc1 Rxe3 32. a4 Rb3 33. a5 Rb7
34. a6 Ra7 35. Rb6 Bd3 36. Rb8+ Ke7 37. Rb7+ 1-0

[Event "Open Praha 2018 - A"]
[Site "Praha (CZE)"]
[Date "2018.01.13"]
[Round "3"]
[White "Kozak, Antoni"]
[Black "Ustinov, Alexey"]
[Result "0-1"]
[WhiteElo "2076"]
[BlackElo "2240"]
[PlyCount "60"]
[EventDate "2018.01.12"]

1. e4 d5 2. exd5 Qxd5 3. Nf3 Nf6 4. d4 Bg4 5. Be2 Nc6 6. Be3 O-O-O 7. O-O Qf5
8. c4 e5 9. d5 e4 10. Nfd2 Ne5 11. Bxa7 Bd6 12. f3 exf3 13. Nxf3 Nxf3+ 14. Bxf3
Bxf3 15. Rxf3 Qe5 16. g3 b6 17. a4 Qxb2 18. Nc3 Bc5+ 19. Kh1 Ng4 20. Ra2 Nf2+
21. Rxf2 Qxc3 22. Rfc2 Qa5 23. Qg4+ Kb7 24. Bxb6 Bxb6 25. Qxg7 Qe1+ 26. Kg2
Qe4+ 27. Kh3 Rhg8 28. Qf6 Rd6 29. Qh4 Qf5+ 30. Kg2 Rg4 0-1

[Event "Open Praha 2018 - A"]
[Site "Praha (CZE)"]
[Date "2018.01.13"]
[Round "3"]
[White "Vorisek, Jakub"]
[Black "Soural, Jan"]
[Result "1/2-1/2"]
[WhiteElo "1922"]
[BlackElo "2227"]
[PlyCount "95"]
[EventDate "2018.01.12"]

1. e4 c5 2. Nf3 e6 3. d4 cxd4 4. Nxd4 Nc6 5. Nc3 Qc7 6. Nxc6 bxc6 7. Bd3 Nf6 8.
Qe2 Be7 9. O-O d5 10. Bd2 O-O 11. Rae1 Re8 12. e5 Nd7 13. Kh1 Nc5 14. f4 Nxd3
15. cxd3 Rb8 16. b3 a5 17. Rf3 f5 18. Na4 c5 19. Rc1 Qa7 20. Qf2 d4 21. Qe1 Bd7
22. Rc2 Rb7 23. h3 Reb8 24. Rf1 Bb5 25. Nb2 a4 26. Nc4 Bxc4 27. bxc4 a3 28. Bc1
Rb1 29. Qe2 Bd8 30. Kh2 Qa4 31. Rf2 Ra1 32. g4 Rbb1 33. Rf1 fxg4 34. hxg4 Bc7
35. Kg3 Qe8 36. Qe4 Qg6 37. f5 Qe8 38. Rff2 exf5 39. Qd5+ Qf7 40. gxf5 g6 41.
Kf3 Rb8 42. Rfe2 Rd8 43. Qxf7+ Kxf7 44. Bxa3 Rf1+ 45. Rf2 Rxf2+ 46. Kxf2 gxf5
47. Bxc5 Bxe5 48. Re2 1/2-1/2

[Event "Open Praha 2018 - A"]
[Site "Praha (CZE)"]
[Date "2018.01.13"]
[Round "3"]
[White "Makoveev, Ilia"]
[Black "Hrdina, Karl"]
[Result "1-0"]
[WhiteElo "2196"]
[BlackElo "1856"]
[PlyCount "59"]
[EventDate "2018.01.12"]

1. e4 e5 2. Nf3 Nc6 3. Bc4 Bc5 4. O-O Nf6 5. d3 O-O 6. a4 d5 7. exd5 Nxd5 8.
Re1 Nb6 9. Bb3 Qf6 10. a5 Nd7 11. c3 h6 12. Nbd2 Qf5 13. Bc2 Qh5 14. Ne4 Be7
15. Ng3 Qg4 16. d4 f5 17. h3 Qg6 18. dxe5 Nc5 19. b4 Ne6 20. b5 Ncd8 21. Nd4
Nxd4 22. cxd4 c6 23. bxc6 bxc6 24. d5 Bc5 25. Ba3 Bxa3 26. Rxa3 Nf7 27. e6 Nd6
28. dxc6 Nb5 29. e7 Re8 30. Qd5+ 1-0